Konversija v finansovom izmerenii.

Rozhovor s námestníkom ministra financií Ruska o finančných aspektoch konverzie. Zložitá finančná situácia konvertujúcich podnikov a jej príčiny. Vývoj miezd v podnikoch obranného priemyslu. Úloha štátu v konverzii: Tvorba fondu konverzie. Rozpočtové výdavky na riešenie sociálnych problémov konverzi...

ver descrição completa

Na minha lista:
Detalhes bibliográficos
Autor principal: Astachov, A.A
Outros Autores: Artemov, Ju.M
Formato: Capítulo de Livro
Idioma:russo
Assuntos:
Tags: Adicionar Tag
Sem tags, seja o primeiro a adicionar uma tag!

MARC

LEADER 00000naa a2200000 4500
001 r011564
005 20221208122553.6
041 0 |a rus 
044 |a [SU] 
245 1 0 |a Konversija v finansovom izmerenii.  |c A.A. Astachov, Ju.M. Artemov 
520 |a Rozhovor s námestníkom ministra financií Ruska o finančných aspektoch konverzie. Zložitá finančná situácia konvertujúcich podnikov a jej príčiny. Vývoj miezd v podnikoch obranného priemyslu. Úloha štátu v konverzii: Tvorba fondu konverzie. Rozpočtové výdavky na riešenie sociálnych problémov konverzie. Výdavky na konverziu v r. 1993. 
610 2 0 |a konverzia priemyslu 
610 2 0 |a financovanie 
610 2 0 |a výdavky rozpočtu štátneho 
610 2 0 |a Rusko 
610 2 0 |a 1993 
610 2 0 |a mzdy 
100 1 |a Astachov, A.A. 
700 1 |a Artemov, Ju.M.